000 00323nam a2200133Ia 4500
008 231129s1983||||xx |||||||||||||| ||spa||
040 _bspa
082 _a813 M466co
100 _aMay Paul
245 0 _aEl corazón de Chris
260 _c1983
264 _aBogotá Colombia : Cí­rculo de Lectores
942 _2ddc
_cBKS
999 _c10685
_d10685